header

Quick breads (Record no. 244760)

MARC details
000 -LEADER
fixed length control field 01203nam a2200313Ia 4500
082 04 - DEWEY DECIMAL CLASSIFICATION NUMBER
Classification number 641.8/15
100 1# - MAIN ENTRY--AUTHOR NAME
Personal name Ojakangas, Beatrice A.
245 10 - TITLE STATEMENT
Title Quick breads
250 ## - EDITION STATEMENT
Edition statement 1st University of Minnesota Press ed.
260 ## - PUBLICATION, DISTRIBUTION, ETC. (IMPRINT)
Place of publication Minneapolis :
Name of publisher University of Minnesota Press,
Year of publication 2003.
300 ## - PHYSICAL DESCRIPTION
Number of Pages 122 p.
500 ## - GENERAL NOTE
General note Originally published: New York : C. Potter, c1991.
General note Includes index.
650 #0 - SUBJECT ADDED ENTRY--TOPICAL TERM
Topical Term Bread.
Topical Term Baking.
856 40 - ELECTRONIC LOCATION AND ACCESS
Uniform Resource Identifier http://site.ebrary.com/lib/rucke/Doc?id=10159536

No items available.

© 2026 Rongo University
Contact us: librarian | system librarian | Rongo university